[Event "Rio Verde - GO"]
[Site "http://www.queenalice.com/game.php?id=354533"]
[Date "2008.2.15"]
[Round "-"]
[White "johnnyhelder"]
[Black "inguitar"]
[Result "1-0"]
[WhiteElo "1564"]
[BlackElo "1723"]

1. d4 d5 2. e3 Nf6 3. c4 e6 4. Bd2 Nc6 5. c5 Be7 6. Bb5 O-O 7. Bxc6 bxc6 8. Nf3
Ba6 9. Ne5 Qe8 10. Ba5 Rb8 11. b4 Ne4 12. Qa4 Bb5 13. Qb3 f6 14. Bxc7 Rb7 15. a4
Bc4 16. Nxc4 dxc4 17. Qxc4 1-0

[Event "Challenge"]
[Site "http://www.queenalice.com/game.php?id=354544"]
[Date "2008.2.15"]
[Round "-"]
[White "johnnyhelder"]
[Black "technicaldraw"]
[Result "0-1"]
[WhiteElo "1500"]
[BlackElo "1925"]

1. d4 Nf6 2. Bg5 d5 3. Bxf6 gxf6 4. e3 Bf5 5. c4 e6 6. a3 c6 7. Nc3 Qb6 8. Na4
Qc7 9. c5 Nd7 10. b4 b6 11. b5 bxc5 12. Bd3 cxb5 13. Bxf5 bxa4 14. Bc2 Qa5+ 15.
Qd2 Qxd2+ 16. Kxd2 c4 17. Bxa4 Kd8 18. Bxd7 Kxd7 19. Ne2 Rb8 20. Nc3 Bd6 21. f4
Rb2+ 22. Kc1 Rxg2 23. Nb5 a6 24. Nxd6 Kxd6 25. Rb1 Rc8 26. Rb6+ Rc6 27. Rb7 Re2
28. Rxf7 Rxe3 29. Rxf6 Rxa3 30. Re1 Ra1+ 31. Kd2 Rxe1 32. Kxe1 Rc7 33. f5 Re7
34. Kd2 a5 35. h4 a4 36. Kc2 a3 37. Kb1 Rb7+ 38. Ka2 c3 39. Rxe6+ Kd7 40. Kxa3
c2 41. Re1 Rb1 0-1

[Event "Challenge"]
[Site "http://www.queenalice.com/game.php?id=354548"]
[Date "2008.2.15"]
[Round "-"]
[White "technicaldraw"]
[Black "johnnyhelder"]
[Result "1-0"]
[WhiteElo "1923"]
[BlackElo "1500"]

1. e4 e6 2. d4 d5 3. Nc3 Bb4 4. e5 Bxc3+ 5. bxc3 f6 6. Qg4 Qe7 7. a4 f5 8. Qg3
Nc6 9. Ba3 Bd7 10. Bxe7 Ngxe7 11. Bd3 g6 12. Nf3 O-O-O 13. O-O a6 14. Ng5 Be8
15. Nxe6 Rd7 16. Rab1 Bf7 17. Nc5 b6 18. Nxd7 Kxd7 19. Rfe1 a5 20. e6+ Bxe6 21.
Bb5 Re8 22. Qe5 Nc8 23. Bxc6+ Kxc6 24. Qf6 Nd6 25. Re5 Kd7 26. Rbe1 Ne4 27.
R1xe4 dxe4 28. d5 Bxd5 29. Rxd5+ Kc8 30. Qf7 Rh8 31. Rd7 Kb7 32. Rxc7+ Kb8 33.
Rb7+ Ka8 34. Ra7+ Kb8 35. Qb7# 1-0

[Event "AUTO-INT-795"]
[Site "http://www.queenalice.com/game.php?id=354903"]
[Date "2008.2.15"]
[Round "1"]
[White "johnnyhelder"]
[Black "hooligan"]
[Result "1-0"]
[WhiteElo "1512"]
[BlackElo "1345"]

1. d4 d5 2. e3 a5 3. c4 dxc4 4. Bxc4 e6 5. Nf3 a4 6. Bb5+ c6 7. Bxa4 b5 8. Bc2
Na6 9. Bd2 b4 10. a3 Bd7 11. Ne5 Bc8 12. Ba4 Rb8 13. Nxc6 Qc7 14. Nxb4+ Kd8 15.
Nxa6 Bxa6 16. b4 Qb7 17. Nc3 Qxg2 18. b5 Qxh1+ 19. Ke2 Bb7 20. Qxh1 Bxh1 21.
Rxh1 Bxa3 22. Rg1 g6 23. Rg5 Bb4 24. Ne4 Bxd2 25. Kxd2 Ra8 26. Bb3 h6 27. Rc5
Ra3 28. Nd6 Rxb3 29. Nxf7+ Ke8 30. Nxh8 Nf6 31. Rc8+ Kd7 32. Rb8 Ne4+ 33. Kc2
Rb4 34. Nxg6 Nd6 35. Ne5+ Kc7 36. b6+ Rxb6 37. Rxb6 Kxb6 38. Nd7+ Kc6 39. Ne5+
Kd5 40. h4 Ne4 41. Ng4 h5 42. Nh2 Nxf2 43. Nf1 Ke4 44. Kd2 Nh3 45. Ng3+ Kf3 46.
Nxh5 Kg4 47. Ng7 Kxh4 48. Nxe6 Kg4 49. d5 Kf5 50. Kd3 Ke5 51. Nf4 Ng5 52. Ne6
Nf7 53. e4 Nd6 54. Ng5 Nb5 55. Nf7+ Kf6 56. Kc4 Nc7 57. d6 Ne6 58. Nh8 Ke5 59.
Nf7+ Kf6 60. Nh8 Nd8 61. Kd5 Kg7 62. e5 Kf8 63. e6 Ke8 64. d7+ Ke7 65. Ng6+ Kf6
66. e7 Nf7 67. e8=Q Kxg6 68. Qxf7+ Kxf7 69. d8=Q Kg6 70. Ke5 Kh5 71. Kf4 Kg6 72.
Qd6+ Kh5 73. Qe6 Kh4 74. Qg4# 1-0

[Event "AUTO-INT-795"]
[Site "http://www.queenalice.com/game.php?id=354904"]
[Date "2008.2.15"]
[Round "1"]
[White "hooligan"]
[Black "johnnyhelder"]
[Result "0-1"]
[WhiteElo "1356"]
[BlackElo "1500"]

1. e4 e6 2. Nf3 c5 3. h4 Nc6 4. h5 d5 5. exd5 exd5 6. d3 Bg4 7. Be2 d4 8. g3 Nf6
9. Bg5 Be7 10. Nh2 Bxe2 11. Qxe2 Qd5 12. Rg1 Qxg5 13. Nf3 Qxh5 14. g4 Nxg4 15.
Nfd2 O-O 16. f3 Bh4+ 17. Kd1 Rfe8 18. Ne4 Nf2+ 19. Kd2 Nxe4+ 20. dxe4 Bg5+ 21.
Ke1 Ne5 22. f4 Qxe2+ 23. Kxe2 Bxf4 24. Na3 c4 25. Rg2 d3+ 26. cxd3 cxd3+ 27. Kd1
Rac8 28. Rf2 g5 29. b4 Ng4 30. Rf3 Ne3+ 31. Kd2 Nc2+ 32. Kxd3 Red8+ 33. Ke2 Nxa1
34. Nb5 Rd2+ 35. Kf1 Rc1# 0-1

[Event "AUTO-INT-795"]
[Site "http://www.queenalice.com/game.php?id=354905"]
[Date "2008.2.15"]
[Round "1"]
[White "johnnyhelder"]
[Black "Football_rules"]
[Result "0-1"]
[WhiteElo "1578"]
[BlackElo "1514"]

1. d4 e6 2. e3 d5 3. c4 Nf6 4. Nc3 Nc6 5. c5 e5 6. dxe5 Nxe5 7. Bb5+ c6 8. Ba4
Bxc5 9. Nf3 Bg4 10. h3 Bh5 11. g4 Nxf3+ 12. Qxf3 O-O 13. gxh5 h6 14. Rg1 Re8 15.
Qg3 Nxh5 16. Qg4 Qf6 17. Qxh5 d4 18. Qxc5 Rad8 19. Nd1 dxe3 20. fxe3 Qh4+ 21.
Nf2 Qxa4 22. Qc3 f6 23. Ng4 Rd1+ 24. Ke2 Rxg1 25. b3 Qb5+ 26. Qc4+ Qd5 27. Qxd5+
cxd5 28. Kf2 Rd1 29. Ke2 Rh1 30. Nf2 Rh2 31. Bb2 Re6 32. Kf3 Rc6 33. Rg1 Rxf2+
34. Kxf2 Rc2+ 35. Kf3 Rxb2 36. Rd1 Rxa2 37. Rxd5 Rb2 38. Rd8+ Kh7 39. Ra8 a6 40.
Ra7 Rxb3 41. Kf4 Rb5 42. h4 h5 43. Ra8 g6 44. Rd8 a5 45. Rd6 Kg7 46. Rd7+ Kh6
47. Rd6 f5 48. Rd8 a4 49. Rh8+ Kg7 50. Ra8 Rb4+ 51. Kf3 Rxh4 52. Ra7 Rb4 53. Ra8
b5 54. Ra7+ Kh6 55. Ra8 Rg4 56. Rh8+ Kg5 57. Rb8 b4 58. Ra8 a3 59. Ra4 h4 60.
Ra8 h3 61. Rh8 a2 62. Ra8 b3 63. Ke2 h2 0-1

[Event "AUTO-INT-795"]
[Site "http://www.queenalice.com/game.php?id=354906"]
[Date "2008.2.15"]
[Round "1"]
[White "Football_rules"]
[Black "johnnyhelder"]
[Result "1-0"]
[WhiteElo "1491"]
[BlackElo "1676"]

1. e4 e6 2. d3 d5 3. e5 c5 4. Nf3 f6 5. Nc3 Nc6 6. Be3 d4 7. exf6 Nxf6 8. Bf4
Bd6 9. Bg5 dxc3 10. bxc3 O-O 11. d4 Qa5 12. Bd3 Qxc3+ 13. Bd2 Qb2 14. h3 Nxd4
15. O-O Nxf3+ 16. Qxf3 Nd5 17. Qh5 Nf6 18. Qh4 Qe5 19. f4 Qd4+ 20. Kh1 e5 21.
Rae1 b5 22. Qg3 Nh5 23. Qf3 Rb8 24. Qxh5 h6 25. fxe5 Rxf1+ 26. Rxf1 Qxe5 27.
Qf7+ Kh8 28. Bf4 Qe7 29. Bxd6 Qxf7 30. Rxf7 Be6 31. Rxa7 c4 32. Bg6 c3 33. Bxb8
b4 34. Be5 Kg8 35. Ra8+ Bc8 36. Rxc8# 1-0

[Event "Challenge"]
[Site "http://www.queenalice.com/game.php?id=361708"]
[Date "2008.2.26"]
[Round "-"]
[White "johnnyhelder"]
[Black "kasker"]
[Result "0-1"]
[WhiteElo "1528"]
[BlackElo "2018"]

1. d4 Nf6 2. c4 e6 3. Bg5 Bb4+ 4. Nd2 h6 5. Be3 c6 6. a3 Ba5 7. b4 Bc7 8. Ngf3
d5 9. c5 a5 10. Qa4 O-O 11. Qc2 axb4 12. Nb1 Nbd7 13. Bd2 bxa3 14. Rxa3 Rxa3 15.
Nxa3 Ne4 16. e3 Nxd2 17. Qxd2 Ba5 18. Bd3 Bxd2+ 19. Nxd2 Qa5 20. Nc2 e5 21. Ke2
e4 22. Nb3 exd3+ 23. Kxd3 Qb5+ 24. Kc3 Qe2 25. f4 Qxg2 26. Ra1 Nf6 0-1

[Event "Challenge"]
[Site "http://www.queenalice.com/game.php?id=361821"]
[Date "2008.2.27"]
[Round "-"]
[White "Mars"]
[Black "johnnyhelder"]
[Result "1-0"]
[WhiteElo "1471"]
[BlackElo "1540"]

1. d4 e6 2. e4 c5 3. Be3 cxd4 4. Bxd4 Nc6 5. Nf3 d5 6. exd5 Qxd5 7. Nc3 Bb4 8.
Be2 Bxc3+ 9. bxc3 Nxd4 10. cxd4 Nf6 11. c4 Qa5+ 12. Nd2 Ne4 13. O-O Qxd2 14.
Qa4+ Bd7 15. Qb3 Bc6 16. Bd3 O-O 17. d5 Nc5 18. Qa3 exd5 19. Rad1 Qg5 20. Bc2 b6
21. Qh3 Ne6 22. Bxh7+ Kh8 23. Bg6+ Qh6 24. Qg3 fxg6 25. cxd5 Nf4 26. Qb3 Bxd5
27. Rxd5 Nxd5 28. Qxd5 Rad8 29. Qe5 Rc8 30. Qe7 a5 31. g3 Qd2 32. a4 Qa2 33.
Qh4+ Kg8 34. Qd4 Rc2 35. Qxb6 Rcxf2 36. Rxf2 Rxf2 37. Qxf2 Qxf2+ 38. Kxf2 Kf7
39. Kf3 g5 40. g4 g6 41. Kg3 Kf8 42. h4 gxh4+ 43. Kxh4 Ke7 44. Kg5 Kf7 45. Kf4
Kg7 46. g5 Kf7 47. Ke5 Ke7 48. Kd5 Kf7 49. Kc5 Ke6 50. Kb5 Kf5 51. Kxa5 Kxg5 52.
Kb5 Kf6 53. a5 g5 54. a6 g4 55. a7 1-0

[Event "AUTO-OPEN-1036"]
[Site "http://www.queenalice.com/game.php?id=363188"]
[Date "2008.2.29"]
[Round "1"]
[White "enzoiazo"]
[Black "johnnyhelder"]
[Result "1-0"]
[WhiteElo "2127"]
[BlackElo "1549"]

1. d4 e6 2. Nf3 d5 3. Bf4 c5 4. e3 Be7 5. Bd3 c4 6. Be2 Bd7 7. O-O Bf6 8. Nbd2
Bb5 9. c3 a5 10. e4 Ne7 11. e5 Bxe5 12. Nxe5 f6 13. Nef3 O-O 14. b3 a4 15. bxc4
Ba6 16. c5 Bxe2 17. Qxe2 Qa5 18. Qxe6+ Rf7 19. Bd6 Nbc6 20. c4 dxc4 21. d5 Nb4
22. Bxe7 Re8 23. d6 Nc6 24. Nxc4 Qxc5 25. Rac1 Rxe7 26. dxe7 Qxe7 27. Qxe7 Rxe7
28. Rfe1 Rxe1+ 29. Rxe1 g5 30. Rb1 g4 31. Nh4 b5 32. Rxb5 Nd4 33. Rb7 Ne2+ 34.
Kf1 Nc3 35. Nd6 Nxa2 36. Nhf5 h5 37. Rg7+ Kf8 38. Rf7+ Kg8 39. Ne7+ Kh8 40. Ng6+
Kg8 41. Ra7 Nc3 42. Nf5 a3 43. Nh6# 1-0

[Event "AUTO-OPEN-1036"]
[Site "http://www.queenalice.com/game.php?id=363189"]
[Date "2008.2.29"]
[Round "1"]
[White "johnnyhelder"]
[Black "enzoiazo"]
[Result "0-1"]
[WhiteElo "1541"]
[BlackElo "2132"]

1. e3 d5 2. d4 Bf5 3. c4 e6 4. a3 Nf6 5. Nc3 c6 6. c5 Be7 7. b4 O-O 8. Be2 Nbd7
9. Bf3 e5 10. Nge2 e4 11. Bxe4 Nxe4 12. Nxe4 Bxe4 13. O-O Bf6 14. Nc3 Bg6 15.
Qf3 Re8 16. Bb2 Bg5 17. e4 Bxe4 18. Nxe4 Rxe4 19. Bc1 Bxc1 20. Raxc1 Qf6 21.
Qxf6 Nxf6 22. Rcd1 Rae8 23. a4 Re2 24. f3 Ra2 25. a5 Ree2 26. Rde1 Rxg2+ 27. Kh1
Rxh2+ 28. Kg1 Rag2# 0-1

[Event "AUTO-OPEN-1036"]
[Site "http://www.queenalice.com/game.php?id=363210"]
[Date "2008.2.29"]
[Round "1"]
[White "johnnyhelder"]
[Black "Mutreta"]
[Result "0-1"]
[WhiteElo "1528"]
[BlackElo "1608"]

1. e3 e5 2. d4 exd4 3. exd4 Qe7+ 4. Qe2 Qxe2+ 5. Bxe2 Nc6 6. Nf3 Nf6 7. O-O Bd6
8. Nc3 O-O 9. Nb5 Re8 10. Nxd6 Rxe2 11. Ng5 cxd6 12. Bf4 Nxd4 13. c3 Nf5 14.
Rfe1 Rxe1+ 15. Rxe1 b6 16. g4 Nh4 17. Bxd6 Bb7 18. Bg3 Ng6 19. h3 Re8 20. Rxe8+
Nxe8 21. h4 Nf6 22. f3 h5 23. gxh5 Nxh5 24. Kg2 Nxg3 25. Kxg3 f6 26. Nh3 Ne5 27.
f4 Nd3 28. b4 d6 29. f5 Bc8 30. Kg4 Ne5+ 31. Kf4 Nc4 32. h5 Na3 33. Nf2 Nb5 34.
c4 Na3 35. c5 bxc5 36. bxc5 dxc5 37. Ne4 c4 38. h6 gxh6 39. Nxf6+ Kg7 40. Nh5+
Kh7 41. f6 Kg6 42. Ke5 c3 43. Nf4+ Kf7 44. Nd3 c2 45. Nc1 h5 46. Kd4 Kxf6 47.
Kc3 Bf5 48. Kb4 Nb1 49. a4 h4 50. a5 h3 51. Kb5 h2 52. Ka6 h1=Q 53. Kxa7 Qxc1
54. a6 Qa3 55. Kb6 c1=Q 56. Kb7 Qcc5 57. Kb8 Qab4+ 58. Ka8 Be4# 0-1

[Event "AUTO-OPEN-1036"]
[Site "http://www.queenalice.com/game.php?id=363211"]
[Date "2008.2.29"]
[Round "1"]
[White "Mutreta"]
[Black "johnnyhelder"]
[Result "1-0"]
[WhiteElo "1437"]
[BlackElo "1527"]

1. e4 e6 2. d4 d5 3. e5 c5 4. c3 Be7 5. Bb5+ Bd7 6. Bxd7+ Qxd7 7. Nf3 f6 8. Be3
c4 9. O-O Nc6 10. b3 b5 11. Nbd2 Ba3 12. exf6 Nxf6 13. Ne5 Bb2 14. Nxd7 Nxd7 15.
Rb1 Bxc3 16. bxc4 bxc4 17. Qh5+ g6 18. Qh6 O-O-O 19. Bg5 Rdf8 20. Qg7 Bxd2 21.
Bxd2 Rfg8 22. Qh6 Nxd4 23. Bc3 Nf5 24. Qh3 Ng7 25. Bxg7 Rxg7 26. Qxe6 Rgg8 27.
Qxd5 Nb6 28. Qe6+ Kb7 29. Qxc4 Rc8 30. Qf7+ Rc7 31. Qf3+ Ka6 32. Rfc1 Rb7 33.
Qa3+ Na4 34. Qxa4# 1-0

[Event "AUTO-OPEN-1036"]
[Site "http://www.queenalice.com/game.php?id=363212"]
[Date "2008.2.29"]
[Round "1"]
[White "johnnyhelder"]
[Black "Pedro666"]
[Result "0-1"]
[WhiteElo "1549"]
[BlackElo "2064"]

1. e3 e5 2. d4 e4 3. c4 f5 4. Nc3 Nf6 5. Be2 c6 6. f3 d5 7. Nh3 Bd6 8. c5 Bc7 9.
O-O exf3 10. Bxf3 O-O 11. Bh5 Qe7 12. Ng5 Ng4 13. Bxg4 Qxg5 14. e4 Qxg4 15. Qxg4
fxg4 16. Rxf8+ Kxf8 17. exd5 cxd5 18. Nxd5 Bd8 19. Bf4 Nc6 20. Bd6+ Be7 21. Rf1+
Kg8 22. Bxe7 Bd7 23. Bd6 Nxd4 24. Ne7+ Kh8 25. a4 Bxa4 26. Nf5 Ne6 27. b4 h6 28.
Be5 Bb5 29. Rf2 a5 30. Nxh6 axb4 31. Nxg4 Nxc5 32. Rf7 Re8 33. Bxg7+ Kg8 34.
Nh6+ Kh7 35. Bf8+ Kg6 36. Rg7+ Kxh6 37. Re7+ Rxf8 38. h3 Rf1+ 39. Kh2 b3 40. Re5
b2 41. Rxc5 b1=Q 42. g4 Qb2+ 43. Kg3 Qf2# 0-1

[Event "AUTO-OPEN-1036"]
[Site "http://www.queenalice.com/game.php?id=363213"]
[Date "2008.2.29"]
[Round "1"]
[White "Pedro666"]
[Black "johnnyhelder"]
[Result "1-0"]
[WhiteElo "1795"]
[BlackElo "1541"]

1. d4 e6 2. Nf3 d5 3. Bf4 Bd6 4. Ne5 Bxe5 5. Bxe5 f6 6. Bf4 Nc6 7. e3 Bd7 8. Bd3
e5 9. Qh5+ Kf8 10. dxe5 Qe8 11. Qxe8+ Rxe8 12. exf6 Nxf6 13. Bxc7 Nb4 14. Bd6+
Kf7 15. Bxb4 d4 16. Bd2 Ng4 17. O-O dxe3 18. fxe3+ Nf6 19. Nc3 Re6 20. Bc4 Re8
21. Bxe6+ Bxe6 22. Ne4 Bc4 23. Nxf6 Bxf1 24. Nxe8 Kxe8 25. Rxf1 1-0

[Event "Challenge"]
[Site "http://www.queenalice.com/game.php?id=366260"]
[Date "2008.3.5"]
[Round "-"]
[White "kingshess"]
[Black "johnnyhelder"]
[Result "1/2-1/2"]
[WhiteElo "1774"]
[BlackElo "1512"]

1. d4 d5 2. Bf4 e6 3. a3 Na6 4. e3 b6 5. Nc3 Bb7 6. Bb5+ c6 7. Be2 Bd6 8. Nh3
Bxf4 9. Nxf4 c5 10. Bb5+ Kf8 11. Qf3 Nc7 12. a4 a6 13. Be2 c4 14. b3 b5 15. O-O
Nf6 16. Qg3 Bc6 17. axb5 axb5 18. h3 b4 19. Na2 Ne4 20. Qh2 cxb3 21. cxb3 Nd2
22. Nxb4 Nxf1 23. Rxa8 Qxa8 24. Bxf1 Bb5 25. Nfd3 Na6 26. Qd6+ Kg8 27. Nxa6 Bxa6
28. Qa3 g6 29. Nc5 Bb7 30. Qb4 Bc6 31. Nd3 Kg7 32. Ne5 Rb8 33. Qe7 Be8 34. b4
Rb7 35. Qc5 Qa1 36. g4 Qb1 37. Kg2 Rxb4 38. Qe7 Rb8 39. h4 Qe4+ 40. Kg3 Qb1 41.
Bg2 Qb5 42. g5 Rb7 43. Qf6+ Kg8 44. Ng4 Qb6 45. Nh6+ Kf8 46. Qh8+ Ke7 47. Qxh7
Qc7+ 48. f4 Rb3 49. Ng4 Bb5 50. Kf3 Bd3 51. Ne5 Be4+ 52. Kg4 Bf5+ 53. Kf3 Be4+
54. Kg4 Bf5+ 55. Kf3 Be4+ 1/2-1/2

[Event "Challenge"]
[Site "http://www.queenalice.com/game.php?id=368524"]
[Date "2008.3.10"]
[Round "-"]
[White "johnnyhelder"]
[Black "Kingfish"]
[Result "0-1"]
[WhiteElo "1549"]
[BlackElo "1354"]

1. d4 Nf6 2. c4 d5 3. e3 g6 4. Nf3 Bg7 5. Bd3 O-O 6. Nc3 Bg4 7. O-O Nbd7 8. cxd5
e5 9. Be2 exd4 10. Nxd4 Bxe2 11. Ndxe2 Nb6 12. e4 Re8 13. Bg5 Qd7 14. Bxf6 Bxf6
15. f3 Nc4 16. b3 Ne3 17. Qd2 Nxf1 18. Rxf1 Be5 19. Nf4 Qd6 20. Nce2 Rac8 21. g3
c6 22. Rd1 c5 23. a4 c4 24. Nh3 cxb3 25. Qh6 Bg7 26. Qe3 b2 27. Qb3 Qa6 28. Kf2
Qd6 29. Qxb7 Qc5+ 30. Kf1 Qe3 31. d6 Qxf3+ 32. Ke1 Bc3+ 33. Nxc3 Rxc3 34. d7
Re3+ 35. Kd2 Qe2# 0-1

[Event "Challenge"]
[Site "http://www.queenalice.com/game.php?id=369798"]
[Date "2008.3.12"]
[Round "-"]
[White "johnnyhelder"]
[Black "Urko"]
[Result "0-1"]
[WhiteElo "1517"]
[BlackElo "1563"]

1. e3 e5 2. d4 Qe7 3. Qe2 e4 4. c4 c6 5. a3 b6 6. Nc3 Na6 7. f3 Nf6 8. Qc2 d5 9.
b4 Bf5 10. f4 Be6 11. b5 cxb5 12. cxb5 Nc7 13. Na4 Bd7 14. Qxc7 g6 15. Bd2 Qd8
16. Qe5+ Be6 17. g4 Bd6 18. Qg5 h6 19. Qh4 Nxg4 20. Nc3 Qxh4+ 21. Kd1 Qf2 22.
Be2 Qh4 23. Be1 Nxe3+ 24. Kd2 Qxf4 25. Bg3 Nc4+ 26. Ke1 Qd2+ 27. Kf2 Qxc3 0-1

[Event "Challenge"]
[Site "http://www.queenalice.com/game.php?id=369799"]
[Date "2008.3.12"]
[Round "-"]
[White "johnnyhelder"]
[Black "Urko"]
[Result "0-1"]
[WhiteElo "1501"]
[BlackElo "1579"]

1. e3 e5 2. d4 Qe7 3. Qe2 e4 4. c4 c6 5. c5 d5 6. Nc3 b5 7. b4 Na6 8. a3 Nc7 9.
f3 Nf6 10. Qc2 Bf5 11. f4 a5 12. Qb2 Qd7 13. a4 axb4 14. Qxb4 Be7 15. h3 Nh5 16.
Nge2 Bh4+ 17. Kd1 Ng3 18. Nxg3 Bxg3 19. Qb2 O-O 20. axb5 Rxa1 21. bxc6 Rxc1+ 22.
Qxc1 Qxc6 23. Qb2 Bh4 24. Bb5 Qg6 25. g4 Bc8 26. Qb3 Ba6 27. Bxa6 Qxa6 28. Kd2
Qd3+ 29. Kc1 Qxe3+ 30. Kc2 Qxd4 31. Rb1 Qxc5 32. Qb8 Bd8 33. Kb2 Bf6 34. Qb3
Qf2+ 35. Kc1 Qxf4+ 0-1

[Event "Challenge"]
[Site "http://www.queenalice.com/game.php?id=373002"]
[Date "2008.3.18"]
[Round "-"]
[White "parbuster43"]
[Black "johnnyhelder"]
[Result "0-1"]
[WhiteElo "1686"]
[BlackElo "1511"]

1. e4 e5 2. f4 Nc6 3. Nf3 exf4 4. d4 d5 5. exd5 Qxd5 6. Bxf4 Bg4 7. c3 O-O-O 8.
Be2 Re8 9. O-O f6 10. Nbd2 g5 11. Bg3 h5 12. h3 Bd7 13. Bc4 Qf5 14. Ne5 Qh7 15.
Bd3 f5 16. Qb3 Be6 17. Qc2 Bd6 18. Bxf5 Bxf5 19. Qxf5+ Qxf5 20. Rxf5 Bxe5 21.
dxe5 h4 22. Bf2 Nh6 23. Rxg5 Nxe5 24. Nf3 Nxf3+ 25. gxf3 Rhg8 26. Bxh4 Nf5 0-1